Normal view
MARC view
- THE CHERRY ORCHARD PLAYS
Entry Topical Term
001 - CONTROL NUMBER
- control field: 64586
003 - CONTROL NUMBER IDENTIFIER
- control field: NUST
005 - DATE AND TIME OF LATEST TRANSACTION
- control field: 20210628203312.0
008 - FIXED-LENGTH DATA ELEMENTS
- fixed length control field: 210628|| aca||aabn | a|a d
040 ## - CATALOGING SOURCE
- Original cataloging agency: NUST
- Transcribing agency: NUST
150 ## - HEADING--TOPICAL TERM
- Topical term or geographic name entry element: THE CHERRY ORCHARD PLAYS
670 ## - SOURCE DATA FOUND
- Source citation: Work cat.: (NUST): Chekhov, Anton 319, The cherry orchard , and other plays, 2007
